000 00345cam a22001455a 4500
001 L140868
008 071016s2007 xxk f 000 0 eng d
035 _a(Sirsi) u140868
041 0 _aeng
100 1 _aDoran, Sean
245 0 0 _aMasonary walls and beam-and-block floors
260 _bBRE
_c2007
651 4 _aENGLAND AND WALES
942 _n0
999 _c107557
_d107557